01445nam a22003497a 4500003000500000005001700005008004100022010001000063011001000073035001000083040000900093090001000102100003800112245017900150260004100329300003800370502013900408590003700547590004100584590004100625590004100666590004100707590004200748650003200790650002600822650004200848901000700890942001000897949004300907999001700950952012800967CHAP20220329140435.0971013s1985 r 00010 d a51981 a52953 a57103 cCHAP aTesis00aSánchez Cohen, Ignacio.9107429 aObtención de un modelo matemático para la optimización de la relación área de siembra área de escurrimiento en el principio de cosecha de agua de lluvia "in situ" a(Monterrey, N.L.) :bEl autor,c1985 a85 h.b; apénd. : ilus. ; mapas aTesis (M.C. Esp. en Planeación y Aprovechamiento de lo0s Recursos Agua-Suelo) -- ITESM. Div. de Ciencias Agropecuarias y Marítimas aALEPHb10c20130110lUCH01h1328 aBATCH-UPDb10c20130110lUCH01h0355 aBATCH-UPDb10c20130110lUCH01h2013 aBATCH-UPDb10c20130410lUCH01h0028 aBATCH-UPDb10c20130914lUCH01h0310 aCONVERSIONb10c20130109lUCH01h132814aAguaxAlmacenamiento.9227914aEscurrimiento.93767514aLluviaxEfecto en agricultura.967320 aBK cTESIS bBCcTESd-124386eTS1h17749i57103si c51981d51981 00102local4051708TESISaBCbBCcPA_TESISd2019-12-31fTESISl0oTesisp-124386r2019-12-31 00:00:00w2019-12-31yTESIS